[Event "Boardwalk Pearson Invitational 2019"]
[Site "Port Elizabeth"]
[Date "2019.03.30"]
[Round "4.3"]
[White "Kromhout, Ewan"]
[Black "Khumalo, Keith"]
[Result "0-1"]
[WhiteElo "2007"]
[BlackElo "2015"]
[Annotator "NA"]
[PlyCount "92"]
[EventDate "2019.03.29"]
[EventType "swiss"]
[EventCountry "RSA"]
[SourceTitle "playchess.com"]
[Source "ChessBase"]
[SourceQuality "1"]
[TimeControl "40/5400+30:1800+30"]

1. d4 {[%emt 0:00:00]} Nf6 {[%emt 0:00:00]} 2. Nf3 {[%emt 0:00:00]} g6 {[%emt 0:04:19]} 3. Nbd2 {[%emt 0:00:00]} d5 {[%emt 0:01:41]} 4. e3 {[%emt 0:00:00]} Bg7 {[%emt 0:01:47]} 5. b4 {[%emt 0:00:09]} a5 {[%emt 0:01:36] D02: 1 d4 d5 2 Nf3 sidelines, including 2...Nf6 3 g3 and 2...Nf6 3 Bf4} (5... O-O 6. Bb2 c6 7. c4 Nbd7 8. a4 Ne4 9. cxd5 Nxd2 10. Qxd2 cxd5 11. Bd3 Nf6 12. O-O Ne4 13. Qe2 Nd6 14. Rfc1 Bf5 15. Bxf5 gxf5 {1-0 (47) Sargissian,G (2689)-Kovalev,V (2683) St Petersburg 2018}) 6. b5 {[%emt 0:00:07]} O-O {[%emt 0:00:10]} 7. Be2 {[%emt 0:00:56]} c5 {[%emt 0:01:25] LiveBook: 7 Games} 8. bxc6 {[%emt 0:00:18]} Nxc6 {[%emt 0:00:15]} 9. Rb1 {[%emt 0:02:00]} Qc7 {[%emt 0:07:07]} 10. c4 $146 {[%emt 0:10:16]} ({Predecessor:} 10. a3 Bf5 11. Bb2 Ne4 12. Nxe4 Bxe4 13. O-O {1-0 (73) Schleining,Z (2379)-Manakova,M (2324) Warsaw 2013}) 10... Bf5 {[%emt 1:16:40]} 11. Rb2 {[%emt 0:07:29]} Nb4 {[%emt 0:00:00]} 12. O-O {[%emt 0:23:55]} Ne4 {[%emt 0:00:00]} 13. Nxe4 {[%emt 0:15:28]} dxe4 {[%emt 0:00:00]} 14. Nd2 {[%emt 0:00:39]} g5 {[%emt 0:02:00]} 15. a3 {[%emt 0:06:09]} Na6 {[%emt 0:00:00]} 16. Rb5 {[%emt 0:01:38]} e5 {[%emt 0:00:00]} 17. f3 {[%emt 0:29:26]} Bd7 {[%emt 0:00:00]} 18. Nxe4 {[%emt 0:00:00]} Bxb5 {[%emt 0:00:00]} 19. cxb5 {[%emt 0:00:00]} Nb8 {[%emt 0:00:00]} 20. Nxg5 {[%emt 0:00:00]} h6 {[%emt 0:00:00]} 21. Ne4 {[%emt 0:00:00]} exd4 {[%emt 0:00:00]} 22. exd4 {[%emt 0:00:00]} Rd8 {[%emt 0:00:00]} 23. d5 {[%emt 0:00:00]} f5 $2 {[%emt 0:00:00] [#]} (23... Qe5 $14) 24. Ng3 $1 {[%emt 0:00:00]} Qc5+ {[%emt 0:00:00]} 25. Kh1 {[%emt 0:00:00]} Rxd5 {[%emt 0:00:00]} 26. Qb3 {[%emt 0:00:00]} a4 {[%emt 0:00:00]} 27. Qa2 {[%emt 0:00:00]} Kh8 {[%emt 0:00:00]} 28. Bc4 {[%emt 0:00:14]} Rd8 {[%emt 0:00:00]} 29. Bb2 {[%emt 0:01:24]} Nd7 {[%emt 0:00:00] [#]} 30. Bxg7+ $1 {[%emt 0:00:29]} Kxg7 {[%emt 0:00:00]} 31. Be6 {[%emt 0:00:32]} ({White should play} 31. Re1 $18) 31... Qxb5 $2 {[%emt 0:00:00]} ({Black should try} 31... f4 $14 32. Nf5+ Kf6) 32. Rb1 {[%emt 0:00:56]} ({Less strong is} 32. Bxf5 Nf6 $14) ({Don't take} 32. Nxf5+ $6 Kh7 $18) 32... Qe5 {[%emt 0:00:00]} 33. Bxf5 {[%emt 0:00:22]} Nc5 {[%emt 0:00:00]} 34. Be4 {[%emt 0:01:23]} Rd7 {[%emt 0:00:00]} 35. Qc2 {[%emt 0:01:34]} ({White should try} 35. Bf5 $11 Re7 36. Qc2) 35... Rad8 {[%emt 0:00:00]} 36. Nf5+ $2 {[%emt 0:00:58]} (36. f4 $1 $11 Qc7 37. Nh5+ Kf8 38. h3) 36... Kf8 {[%emt 0:00:00]} 37. Re1 $2 {[%emt 0:00:55] [#]} (37. Nh4 $17 Kg7 38. Rf1) 37... Rd2 $1 {[%emt 0:00:00]} 38. Qc1 $2 {[%emt 0:00:05]} (38. Qb1 {was forced.} Qb2 39. Rg1) 38... b6 {[%emt 0:00:00]} 39. Ng3 {[%emt 0:00:15]} Qb2 {[%emt 0:00:00]} 40. Qc4 {[%emt 0:00:00]} R8d4 {[%emt 0:00:00]} 41. Qf1 {[%emt 0:08:52]} Rf2 {[%emt 0:00:00]} 42. Qg1 {[%emt 0:01:10]} Rdd2 {[%emt 0:00:00]} 43. f4 {[%emt 0:23:51]} Nxe4 {[%emt 0:44:30]} 44. Nxe4 {[%emt 0:00:00]} Rxg2 {[%emt 0:00:00]} 45. Qe3 {[%emt 0:00:00]} Rxh2+ $19 {[%emt 0:00:00]} 46. Kg1 {[%emt 0:00:00]} Rdg2+ {[%emt 0:01:30]} 0-1

[Event "Boardwalk Pearson Invitational 2019"]
[Site "Port Elizabeth"]
[Date "2019.03.30"]
[Round "4.4"]
[White "Klaver, Cornelis"]
[Black "Odendaal, Frederick"]
[Result "1/2-1/2"]
[WhiteElo "2072"]
[BlackElo "1992"]
[Annotator "NA"]
[PlyCount "21"]
[EventDate "2019.03.29"]
[EventType "swiss"]
[EventCountry "RSA"]
[SourceTitle "playchess.com"]
[Source "ChessBase"]
[SourceQuality "1"]
[TimeControl "40/5400+30:1800+30"]

1. d4 {[%emt 0:00:00]} Nf6 {[%emt 0:04:56]} 2. Bg5 {[%emt 0:00:00]} e6 {[%emt 0:02:34]} 3. e4 {[%emt 0:06:31]} Be7 {[%emt 0:00:48]} 4. Bd3 {[%emt 0:05:35]} d5 {[%emt 0:00:21]} 5. e5 {[%emt 0:00:09]} Nfd7 {[%emt 0:00:04]} 6. Bxe7 {[%emt 0:00:09]} Qxe7 {[%emt 0:00:08]} 7. c3 {[%emt 0:00:38]} c5 {[%emt 0:00:27]} 8. Ne2 {[%emt 0:00:59]} cxd4 {[%emt 0:00:37]} 9. cxd4 {[%emt 0:00:03]} Qb4+ {[%emt 0:00:02]} 10. Qd2 {[%emt 0:00:07]} Qxd2+ {[%emt 0:00:26]} 11. Nxd2 {[%emt 0:00:03]} 1/2-1/2

[Event "Boardwalk Pearson Invitational 2019"]
[Site "Port Elizabeth"]
[Date "2019.03.31"]
[Round "5.1"]
[White "Oatlhotse, Providence"]
[Black "Hercules, Benjamin Vincent"]
[Result "1-0"]
[WhiteElo "2320"]
[BlackElo "2194"]
[Annotator "NA"]
[PlyCount "47"]
[EventDate "2019.03.29"]
[EventType "swiss"]
[EventCountry "RSA"]
[SourceTitle "playchess.com"]
[Source "ChessBase"]
[SourceQuality "1"]
[TimeControl "40/5400+30:1800+30"]

1. c4 {[%emt 0:00:00]} e6 {[%emt 0:04:04]} 2. g3 {[%emt 0:00:00]} d5 {[%emt 0:00:04]} 3. Bg2 {[%emt 0:00:00]} Nf6 {[%emt 0:00:05]} 4. Nf3 {[%emt 0:00:00]} Be7 {[%emt 0:00:07]} 5. O-O {[%emt 0:00:03]} O-O {[%emt 0:00:10]} 6. b3 {[%emt 0:00:05]} b6 {[%emt 0:00:28]} 7. Bb2 {[%emt 0:01:30]} Bb7 {[%emt 0:03:36] LiveBook: 1762 Games} 8. e3 {[%emt 0:05:24]} c5 {[%emt 0:00:37]} 9. Qe2 {[%emt 0:00:43]} Nc6 {[%emt 0:00:07]} 10. Rd1 {[%emt 0:00:14]} Rc8 {[%emt 0:09:35]} 11. d3 {[%emt 0:02:51]} Rc7 {[%emt 0:01:36] A14: English Opening: 1...e6 with b3 by White} 12. Nc3 {[%emt 0:02:49]} Rd7 {[%emt 0:03:49]} 13. cxd5 {[%emt 0:01:49]} Nxd5 {[%emt 0:00:25]} 14. Nxd5 {[%emt 0:00:12]} Rxd5 {[%emt 0:00:34]} 15. d4 {[%emt 0:02:49]} Qa8 {[%emt 0:10:57]} 16. e4 $146 {[%emt 0:02:42]} ({Predecessor:} 16. dxc5 Rxd1+ 17. Rxd1 Bxc5 18. Ng5 Be7 19. Qh5 Bxg5 20. Qxg5 {0-1 (61) Gruber,T (2240)-Bunzmann,D (2390) Schwaebisch Gmuend 1998}) 16... Rdd8 {[%emt 0:06:18]} 17. d5 {[%emt 0:00:48]} Nb8 {[%emt 0:03:03]} 18. dxe6 {[%emt 0:02:47]} Bxe4 {[%emt 0:10:42]} 19. exf7+ {[%emt 0:00:38]} Rxf7 {[%emt 0:03:47]} 20. Rxd8+ {[%emt 0:01:42]} Bxd8 {[%emt 0:00:07]} 21. Ng5 {[%emt 0:00:15]} Bxg5 {[%emt 0:01:50]} 22. Bxe4 {[%emt 0:00:41]} Nc6 {[%emt 0:00:12]} 23. Qh5 {[%emt 0:03:24]} Bf6 {[%emt 0:05:16]} 24. Qxh7+ $18 {[%emt 0:01:09]} 1-0

[Event "Boardwalk Pearson Invitational 2019"]
[Site "Port Elizabeth"]
[Date "2019.03.31"]
[Round "5.2"]
[White "Odendaal, Frederick"]
[Black "Bezuidenhout, Roland"]
[Result "0-1"]
[WhiteElo "1992"]
[BlackElo "2171"]
[Annotator "NA"]
[PlyCount "90"]
[EventDate "2019.03.29"]
[EventType "swiss"]
[EventCountry "RSA"]
[SourceTitle "playchess.com"]
[Source "ChessBase"]
[SourceQuality "1"]
[TimeControl "40/5400+30:1800+30"]

1. d4 {[%emt 0:00:00]} Nf6 {[%emt 0:01:05]} 2. c4 {[%emt 0:00:27]} e6 {[%emt 0:00:30]} 3. Nf3 {[%emt 0:00:51]} d5 {[%emt 0:00:18]} 4. g3 {[%emt 0:00:41]} dxc4 {[%emt 0:01:29]} 5. Qa4+ {[%emt 0:02:05]} Nbd7 {[%emt 0:00:18]} 6. Qxc4 {[%emt 0:00:02]} a6 {[%emt 0:00:39]} 7. Bf4 {[%emt 0:05:39]} Nd5 {[%emt 0:00:18]} 8. Bg5 {[%emt 0:00:01]} N7f6 {[%emt 0:03:43]} 9. e4 {[%emt 0:08:23]} h6 {[%emt 0:02:52]} 10. Bxf6 {[%emt 0:00:30]} Nxf6 {[%emt 0:00:14]} 11. Nbd2 {[%emt 0:01:44]} b5 {[%emt 0:01:36]} 12. Qc6+ {[%emt 0:03:01]} Bd7 {[%emt 0:02:21]} 13. Qc2 {[%emt 0:02:22]} Rc8 {[%emt 0:00:07]} 14. Nb3 {[%emt 0:05:24]} Bb4+ {[%emt 0:10:41]} 15. Nfd2 {[%emt 0:01:22]} Qe7 {[%emt 0:03:26]} 16. Rc1 {[%emt 0:02:34]} e5 {[%emt 0:06:59]} 17. dxe5 {[%emt 0:03:40]} Qxe5 {[%emt 0:00:14]} 18. Bg2 {[%emt 0:00:11]} c5 {[%emt 0:00:44]} 19. a3 {[%emt 1:00:33]} Bxd2+ {[%emt 0:00:21]} 20. Nxd2 {[%emt 0:00:00]} O-O {[%emt 0:01:47]} 21. O-O {[%emt 0:00:00]} Rfe8 {[%emt 0:00:45]} 22. Rfe1 {[%emt 0:00:00]} Qh5 {[%emt 0:03:29]} 23. Nf1 {[%emt 0:00:00]} c4 {[%emt 0:00:39]} 24. Ne3 {[%emt 0:00:00]} Ng4 {[%emt 0:02:09]} 25. Nxg4 {[%emt 0:00:00]} Bxg4 {[%emt 0:00:05]} 26. Qc3 {[%emt 0:00:00]} Rcd8 {[%emt 0:56:11]} 27. f3 {[%emt 0:00:00]} Be6 {[%emt 0:00:00]} 28. Rcd1 {[%emt 0:00:00]} Qc5+ {[%emt 0:00:00]} 29. Kf1 {[%emt 0:00:00]} a5 {[%emt 0:00:00]} 30. b4 {[%emt 0:00:00]} axb4 {[%emt 0:00:00]} 31. axb4 {[%emt 0:00:00]} Qa7 {[%emt 0:00:00]} 32. Ra1 {[%emt 0:00:00]} Qd4 {[%emt 0:00:00]} 33. Qxd4 {[%emt 0:00:00]} Rxd4 {[%emt 0:00:00]} 34. Red1 {[%emt 0:00:00]} Rxd1+ {[%emt 0:00:00]} 35. Rxd1 {[%emt 0:00:00]} Ra8 {[%emt 0:00:00]} 36. Ke2 {[%emt 0:00:00]} Ra4 {[%emt 0:00:00]} 37. Ke3 {[%emt 0:00:00]} Rxb4 {[%emt 0:00:00]} 38. Rd8+ {[%emt 0:00:00]} Kh7 {[%emt 0:00:00]} 39. f4 {[%emt 0:02:48]} Rb3+ {[%emt 0:00:00]} 40. Kf2 {[%emt 0:00:00]} c3 {[%emt 0:00:00]} 41. Rd1 {[%emt 0:01:54]} Rb2+ {[%emt 0:00:00]} 42. Kf3 {[%emt 0:00:11]} b4 {[%emt 0:00:00]} 43. f5 {[%emt 0:01:05]} Bb3 {[%emt 0:00:00]} 44. Rd7 {[%emt 0:00:02]} c2 {[%emt 0:00:00]} 45. Rc7 {[%emt 0:00:02]} Rb1 {[%emt 0:00:00]} 0-1

[Event "Boardwalk Pearson Invitational 2019"]
[Site "Port Elizabeth"]
[Date "2019.03.31"]
[Round "5.3"]
[White "Khumalo, Keith"]
[Black "Klaver, Cornelis"]
[Result "1/2-1/2"]
[WhiteElo "2015"]
[BlackElo "2072"]
[Annotator "NA"]
[PlyCount "45"]
[EventDate "2019.03.29"]
[EventType "swiss"]
[EventCountry "RSA"]
[SourceTitle "playchess.com"]
[Source "ChessBase"]
[SourceQuality "1"]
[TimeControl "40/5400+30:1800+30"]

1. d4 {[%emt 0:00:00]} Nf6 {[%emt 0:04:27]} 2. c4 {[%emt 0:00:14]} e5 {[%emt 0:00:07]} 3. dxe5 {[%emt 0:06:15]} Ng4 {[%emt 0:00:06]} 4. Nf3 {[%emt 0:02:31]} Nc6 {[%emt 0:00:05]} 5. e3 {[%emt 0:04:02]} Ngxe5 {[%emt 0:00:58]} 6. Be2 {[%emt 0:01:39]} Bc5 {[%emt 0:02:56]} 7. O-O {[%emt 0:02:51]} O-O {[%emt 0:01:11]} 8. Nc3 {[%emt 0:00:08]} a5 {[%emt 0:01:08]} 9. Nd4 {[%emt 0:00:08]} d6 {[%emt 0:02:16]} 10. f4 {[%emt 0:00:43]} Ng6 {[%emt 0:01:41]} 11. Kh1 {[%emt 0:03:15]} f5 {[%emt 0:06:06]} 12. Rf3 {[%emt 0:03:02]} Nce7 {[%emt 0:08:29]} 13. Rh3 {[%emt 0:02:39]} Bxd4 {[%emt 0:14:02]} 14. Qxd4 {[%emt 0:01:01]} Be6 {[%emt 0:03:52]} 15. b3 {[%emt 0:00:12]} c5 {[%emt 0:01:52]} 16. Qd2 {[%emt 0:01:22]} d5 {[%emt 0:06:03]} 17. cxd5 {[%emt 0:00:11]} Nxd5 {[%emt 0:00:03]} 18. Bc4 {[%emt 0:01:53]} Nxc3 {[%emt 0:03:27]} 19. Bxe6+ {[%emt 0:01:20]} Kh8 {[%emt 0:00:10]} 20. Qe1 {[%emt 0:02:41]} Ra6 {[%emt 0:10:42]} 21. Bb2 {[%emt 0:00:55]} Rxe6 {[%emt 0:00:20]} 22. Qxc3 {[%emt 0:00:03]} Qe7 {[%emt 0:00:06]} 23. Rd1 {[%emt 0:01:06]} 1/2-1/2

[Event "Boardwalk Pearson Invitational 2019"]
[Site "Port Elizabeth"]
[Date "2019.03.31"]
[Round "5.4"]
[White "Beukes, Dante M"]
[Black "Kromhout, Ewan"]
[Result "1-0"]
[WhiteElo "2114"]
[BlackElo "2007"]
[Annotator "NA"]
[PlyCount "99"]
[EventDate "2019.03.29"]
[EventType "swiss"]
[EventCountry "RSA"]
[SourceTitle "playchess.com"]
[Source "ChessBase"]
[SourceQuality "1"]
[TimeControl "40/5400+30:1800+30"]

1. e4 {[%emt 0:00:34]} c5 {[%emt 0:00:00]} 2. Nf3 {[%emt 0:00:04]} e6 {[%emt 0:00:00]} 3. c3 {[%emt 0:00:04]} b6 {[%emt 0:00:00]} 4. d4 {[%emt 0:00:09]} Bb7 {[%emt 0:00:00]} 5. Bd3 {[%emt 0:00:16]} Nf6 {[%emt 0:00:04]} 6. Qe2 {[%emt 0:00:37]} d5 {[%emt 0:00:10]} 7. e5 {[%emt 0:00:36]} Nfd7 {[%emt 0:00:03]} 8. O-O {[%emt 0:00:22]} Nc6 {[%emt 0:00:05]} 9. Re1 $11 {[%emt 0:05:19]} Be7 {[%emt 0:00:10]} 10. Nbd2 {[%emt 0:02:10]} a5 {[%emt 0:09:47]} 11. Nf1 {[%emt 0:05:33]} Qc8 {[%emt 0:01:17]} 12. Bc2 {[%emt 0:05:16]} Ba6 {[%emt 0:06:22]} 13. Qd1 {[%emt 0:00:59]} h6 {[%emt 0:05:47]} 14. h4 {[%emt 0:05:27]} Qc7 {[%emt 0:03:43]} 15. Be3 {[%emt 0:05:49]} Rc8 {[%emt 0:08:53]} 16. Rc1 {[%emt 0:02:37]} b5 {[%emt 0:07:32]} 17. Ng3 {[%emt 0:04:33]} Qb6 {[%emt 0:09:55]} 18. Nh5 {[%emt 0:04:54]} Bf8 {[%emt 0:03:29]} 19. Nf4 {[%emt 0:01:25]} Nd8 {[%emt 0:05:54]} 20. dxc5 {[%emt 0:11:08]} Bxc5 {[%emt 0:00:37]} 21. Bxc5 {[%emt 0:00:09]} Qxc5 {[%emt 0:01:52]} 22. Nd4 {[%emt 0:00:19]} Nf8 {[%emt 0:04:19]} 23. Qg4 {[%emt 0:02:15]} g6 {[%emt 0:05:32]} 24. Re3 {[%emt 0:03:55]} h5 {[%emt 0:04:44]} 25. Qh3 {[%emt 0:01:22]} Qe7 {[%emt 0:00:45]} 26. Bd3 {[%emt 0:01:50]} Qb7 {[%emt 0:03:22]} 27. Qf3 {[%emt 0:03:59]} b4 {[%emt 0:02:27]} 28. Bc2 {[%emt 0:00:57]} Qd7 {[%emt 0:03:37]} 29. Qd1 {[%emt 0:01:19]} Qe7 {[%emt 0:03:24]} 30. Ba4+ {[%emt 0:06:29]} Nd7 {[%emt 0:00:04]} 31. Nf3 {[%emt 0:01:07]} Kf8 {[%emt 0:01:32]} 32. Ng5 {[%emt 0:01:40]} Nc5 {[%emt 0:04:08]} 33. Bc2 {[%emt 0:00:46]} bxc3 {[%emt 0:00:49]} 34. bxc3 {[%emt 0:00:37]} Kg7 {[%emt 0:00:47]} 35. Rg3 {[%emt 0:01:41]} Ne4 {[%emt 0:00:42]} 36. Bxe4 {[%emt 0:07:45]} dxe4 {[%emt 0:00:01]} 37. Nxf7 {[%emt 0:00:56]} Qxf7 {[%emt 0:03:20]} 38. Rxg6+ {[%emt 0:03:31]} Qxg6 {[%emt 0:00:13]} 39. Nxg6 {[%emt 0:00:07]} Kxg6 {[%emt 0:00:30]} 40. Qd6 {[%emt 0:00:00]} Bc4 {[%emt 0:00:00]} 41. Re1 {[%emt 0:05:16]} Nc6 {[%emt 0:07:57]} 42. Qd2 {[%emt 0:14:31]} Kf7 {[%emt 0:09:37]} 43. Qd7+ {[%emt 0:00:57]} Ne7 {[%emt 0:00:25]} 44. Rxe4 {[%emt 0:01:11]} Rhe8 {[%emt 0:01:25]} 45. Rf4+ {[%emt 0:01:23]} Kg7 {[%emt 0:00:33]} 46. Rxc4 {[%emt 0:01:03]} Rcd8 {[%emt 0:02:21]} 47. Qxe6 {[%emt 0:00:50]} Nd5 {[%emt 0:05:45]} 48. Qf5 {[%emt 0:00:22]} Re7 {[%emt 0:02:13]} 49. Rc6 {[%emt 0:00:51]} Red7 50. Qxd7+ 1-0